Derecho e interpretacin̤ elementos de teora̕ hermenǔtica del derecho /

Detalles Bibliográficos
Autor principal: Viola, Francesco
Formato: Desconocido
Lenguaje:español
Publicado: Madrid : Dykinson, 2007
Materias:
Acceso en línea:Acceso restringido

MARC

LEADER 00000ny a22000003n 4500
005 20110617130651.0
006 m u
007 cr cn|||||||||
008 200807r2007 sp |||||s|||||||||||spa d
020 |a 9788498490725 
035 |a 2427 
040 |a FlNmELB  |c FlNmELB  |d vlex 
050 1 4 |a K561  |b V795 2007eb 
080 |a 340.12 
090 |c 1402  |d 1402 
100 1 |a Viola, Francesco 
245 1 0 |a Derecho e interpretacin̤  |h [Recurso electrn̤ico]  |b elementos de teora̕ hermenǔtica del derecho /  |c Francesco Viola, Giuseppe Zaccaria 
256 |a Servicio en ln̕ea 
260 |a Madrid :  |b Dykinson,  |c 2007 
300 |a 8-452 p 
506 1 |a Contenido solo disponible en los productos indicados  |d vLex Global  |d vLex Global (Academic Edition, excluding Law Schools)  |d vLex Global (U.S. Academic Edition, Law Schools)  |d vLex Global (U.S. Academic Edition, excluding Law Schools)  |d vLex Global (Academic Edition, Law Schools) 
650 0 7 |2 Tesauro vLex  |a Filosofa̕ del derecho 
650 0 7 |2 Tesauro vLex  |a Teora̕ General del Derecho 
740 0 |a vLex Libros (Servicios en ln̕ea) 
856 4 0 |z Acceso restringido  |u http://vlex.com/source/2427 
942 |c BOOK